000 00563nam a2200205Ia 4500
005 20250326142050.0
008 250326s9999 xx 000 0 und d
020 _a0-07-069433-8
037 _aTextbook
040 _aFMSL
_beng
_cFMSL
041 _aeng
_2eng
084 _aX:9 M6
_qFMSL
100 _aWerther W B
_9738476
245 0 _aPersonnel management and human resources
_cWerther W B; Davos K
250 _a2
260 _aNew Delhi
_bNew Delhi, Mc Graw Hill
_c1985
300 _a655p
942 _cTB
_hX:9 M6
999 _c1293274
_d1293274